[Event "Corsica-chT"]
[Site "Porticcio"]
[Date "2007.03.18"]
[Round "2.3"]
[White "Ruffin, Franck"]
[Black "Bellicou, Dominique"]
[Result "1/2-1/2"]
[WhiteElo "1740"]
[BlackElo "2080"]
[PlyCount "59"]
[EventDate "2007.03.07"]
[EventType "team"]
[EventRounds "9"]
[EventCountry "FRA"]
[SourceTitle "CBM 117 Extra"]
[Source "ChessBase"]
[SourceDate "2007.05.09"]
[SourceVersion "1"]
[SourceVersionDate "2007.05.09"]
[SourceQuality "1"]
[WhiteTeam "Echecs Club Ajaccien II"]
[BlackTeam "Echecs Club Ajaccien"]
[WhiteTeamCountry "FRA"]
[BlackTeamCountry "FRA"]

1. e4 c5 2. Nc3 Nc6 3. Nf3 d6 4. d4 cxd4 5. Nxd4 e5 6. Nb3 Be6 7. Nd5 Nge7 8. Be3 f5 9. Bc4 Bf7 10. f4 Rc8 11. c3 exf4 12. Bxf4 Ng6 13. 0-0 Be7 14. exf5 Nxf4 15. Rxf4 0-0 16. f6 Bxf6 17. Nxf6+ gxf6 18. Bxf7+ Rxf7 19. Qg4+ Kh8 20. Raf1 Rcc7 21. Nd4 Nxd4 22. Rxd4 Rce7 23. Rfd1 Rg7 24. Qf5 Re2 25. g3 Qb6 26. Qxf6 Qxb2 27. Qf8+ Rg8 28. Qf6+ Rg7 29. Qf8+ Rg8 30. Qf6+ 1/2-1/2